000 00361nam a2200157Ia 4500
003 0STCL
008 150530s9999 xx 000 0 und d
040 _aSTCL
_cSTCL
100 _aPaul Harvitz, M.
245 _aMonetary policy and the financial system
260 _c1963
546 _aEnglish
942 _2ddc
_cBK
999 _c13564
_d13564
005 20220125165657.0